Urbanization and growth (Record no. 441214)

000 -LEADER
fixed length control field 00549cam a22001817a 4500
008 - FIXED-LENGTH DATA ELEMENTS--GENERAL INFORMATION
fixed length control field 180718b2010 xxu||||| |||| 00| 0 eng d
020 ## - INTERNATIONAL STANDARD BOOK NUMBER
International Standard Book Number 8131603334
082 ## - DEWEY DECIMAL CLASSIFICATION NUMBER
Classification number J71 Sp32
245 ## - TITLE STATEMENT
Title Urbanization and growth
Statement of responsibility, etc. edited by Michael Spence, Patricia Clarke Annez and Robert M
260 ## - PUBLICATION, DISTRIBUTION, ETC.
Place of publication, distribution, etc. Jaipur
Name of publisher, distributor, etc. Rawat
Date of publication, distribution, etc. 2010
300 ## - PHYSICAL DESCRIPTION
Extent 255p.
650 ## - SUBJECT ADDED ENTRY--TOPICAL TERM
Topical term or geographic name entry element Cities and towns --Growth
650 ## - SUBJECT ADDED ENTRY--TOPICAL TERM
Topical term or geographic name entry element Urbanization --Economic aspects
650 ## - SUBJECT ADDED ENTRY--TOPICAL TERM
Topical term or geographic name entry element Urban economics
700 ## - ADDED ENTRY--PERSONAL NAME
Personal name Buckley, Robert M.
700 ## - ADDED ENTRY--PERSONAL NAME
Personal name Annez, Patricia Clarke
700 ## - ADDED ENTRY--PERSONAL NAME
Personal name Spence, Michael
Holdings
Withdrawn status Lost status Damaged status Not for loan Permanent Location Current Location Date acquired Full call number Barcode Date last seen Price effective from Koha item type
        Indian Institute of Public Administration Indian Institute of Public Administration 2011-01-05 J71 Sp32 84265 2018-07-21 2018-07-21 Book

Powered by Koha